• 首页
  • 本馆介绍
  • 公告通知
  • 最新文献
  • 馆藏检索
  • 电子资源
  • 读者导购
  • 参考咨询
  • 我的图书馆
  • 登录
  • 详细信息显示
  • 放入我的书架
  • 预约/预借图书
  • 作者相关作品
  • 分类相关作品
  • 丛书相关作品
  • 出版社相关作品

书目信息

  • 表格格式
  • 工作单格式
  • 卡片格式
题名:
中国居民的再分配偏好及其影响机制研究
    
 
作者: 徐建斌 著
分册:  
出版信息: 北京   经济科学出版社  2016
页数: 138页
开本: 23cm
丛书名:
单 册:
中图分类: F124.7
科图分类:
主题词: 国民收入分配--guo min shou ru fen pei--研究--中国
电子资源:
ISBN: 978-7-5141-6878-5
000 00912nam0 22002291 450
001 1730292266
005 20170525101503.0
010    @a978-7-5141-6878-5@dCNY28.00
100    @a20160721d2016 em y0chiy50 ea
101 0  @achi
102    @aCN@b110000
105    @ay z 000yy
106    @ar
200 1  @a中国居民的再分配偏好及其影响机制研究@Azhong guo ju min de zai fen pei pian hao ji qi ying xiang ji zhi yan jiu@f徐建斌著
210    @a北京@c经济科学出版社@d2016
215    @a138页@d23cm
330    @a本书立足于中国居民再分配偏好的现状事实,对中国居民再分配偏好及其影响机制展开全面、系统的研究,以期对再分配的微观机制研究进行完善与补充,并对我国新一轮的收入分配制度改革提供微观层面的经验证据。
606 0  @a国民收入分配@Aguo min shou ru fen pei@x研究@y中国
690    @aF124.7@v5
701  0 @a徐建斌@Axu jian bin@f(1987~)@4著
801  0 @aCN@bTANG WEI@c20170523
905    @b0968778-82@dF124.7@e281@f5
    
    中国居民的再分配偏好及其影响机制研究/徐建斌著 .-北京:经济科学出版社,2016
    138页;23cm
    
    
    ISBN 978-7-5141-6878-5:CNY28.00
    本书立足于中国居民再分配偏好的现状事实,对中国居民再分配偏好及其影响机制展开全面、系统的研究,以期对再分配的微观机制研究进行完善与补充,并对我国新一轮的收入分配制度改革提供微观层面的经验证据。
●
相关链接 在E读中查询图书 在五车中查询图书 在当当中查询图书 在豆瓣中查询图书


正题名:中国居民的再分配偏好及其影响机制研究     索取号:F124.7/281         预约/预借

序号 登录号 条形码 馆藏地/架位号 状态 备注
1 0968778   209687784   第一样本阅览室/ [索取号:F124.7/281] 在馆    
2 0968779   209687793   密集书库-海洋学院/ [索取号:F124.7/281] 在馆    
3 0968780   209687800   第一借阅区/ [索取号:F124.7/281] 在馆    
4 0968781   209687819   第一借阅区/ [索取号:F124.7/281] 在馆    
5 0968782   209687828   第一借阅区/ [索取号:F124.7/281] 在馆    
唐山师范学院图书馆 欢迎您!
大连网信软件有限公司© 版权所有